| 000 | 00577nam a22001457a 4500 | ||
|---|---|---|---|
| 008 | 160525b xxu||||| |||| 00| 0 eng d | ||
| 082 |
_22015 _aUT 0603 _bP19 |
||
| 100 |
_99053 _aPanerio, Conrado B. _bJr. |
||
| 245 |
_aAttitudes and performance in Mathematics of grade 10 students at Matanao National High School/ _cConrado B. Panerio Jr. and Christine Joyce Sullaga. |
||
| 260 |
_aDigos City: _bUMDC _cOctober 2015. |
||
| 300 |
_a75 pages; _c30 cm. |
||
| 650 | 0 |
_99052 _aEducation _vMathematics _xUndergraduate thesis. |
|
| 700 |
_99051 _aSullaga, Christine Joyce. |
||
| 942 |
_2ddc _cUT |
||
| 999 |
_c2734 _d2734 |
||